书目信息 |
| 题名: |
柞蚕丝染色整理及综合利用
|
|
| 作者: | 程德红 著 | |
| 分册: | ||
| 出版信息: | 北京 中国纺织出版社 2019 |
|
| 页数: | 139页 | |
| 开本: | 24cm | |
| 丛书名: | ||
| 单 册: | ||
| 中图分类: | TS193 | |
| 科图分类: | ||
| 主题词: | 蚕丝--can si--染色--研究 | |
| 电子资源: | ||
| ISBN: | 978-7-5180-5465-7 | |
| 000 | 00878nam0 2200265 450 | |
| 001 | 012001003063 | |
| 005 | 20120101001316.0 | |
| 010 | @a978-7-5180-5465-7@dCNY88.00 | |
| 099 | @aCAL 012019126991 | |
| 100 | @a20190711d2019 ekmy0chiy50 ea | |
| 101 | 0 | @achi |
| 102 | @aCN@b110000 | |
| 105 | @aak a 000yy | |
| 106 | @ar | |
| 200 | 1 | @a柞蚕丝染色整理及综合利用@Azuo can si ran se zheng li ji zong he li yong@f程德红著 |
| 210 | @a北京@c中国纺织出版社@d2019 | |
| 215 | @a139页@c图@d24cm | |
| 314 | @a程德红, 博士,硕导,辽东学院化学工程学院教师,丹东市自然科学学科带头人。 | |
| 320 | @a有书目 | |
| 330 | @a本书共9章。内容包括离子液体金属配合物制备及表征、离子液体金属配合物吸附丝胶蛋白研究等。 | |
| 606 | 0 | @a蚕丝@Acan si@x染色@x研究 |
| 690 | @aTS193@v5 | |
| 701 | 0 | @a程德红@Acheng de hong@4著 |
| 801 | 0 | @aCN@b北京卓展@c20191020 |
| 905 | @b1210261-4@dTS193@e13@f4 | |
| 柞蚕丝染色整理及综合利用/程德红著.-北京:中国纺织出版社,2019 |
| 139页:图;24cm |
| ISBN 978-7-5180-5465-7:CNY88.00 |
| 本书共9章。内容包括离子液体金属配合物制备及表征、离子液体金属配合物吸附丝胶蛋白研究等。 |
| ● |
| 相关链接 |
|
|
|
|
正题名:柞蚕丝染色整理及综合利用
索取号:TS193/13
 
预约/预借
| 序号 | 登录号 | 条形码 | 馆藏地/架位号 | 状态 | 备注 |
| 1 | 1210261 | 212102614 | 第二样本阅览室/ [索取号:TS193/13] | 在馆 | |
| 2 | 1210262 | 212102623 | 第三借阅区/ [索取号:TS193/13] | 在馆 | |
| 3 | 1210263 | 212102632 | 第三借阅区/ [索取号:TS193/13] | 在馆 | |
| 4 | 1210264 | 212102641 | 第三借阅区/ [索取号:TS193/13] | 在馆 |